Pakistan; castle with a thousand doors, 2 ed (Record no. 321355)

000 -LEADER
fixed length control field 00371 a2200133 4500
001 - CONTROL NUMBER
control field 86282
082 ## - DEWEY DECIMAL CLASSIFICATION NUMBER
Classification number 954.91 SHE
090 ## - LOCALLY ASSIGNED LC-TYPE CALL NUMBER (OCLC); LOCAL CALL NUMBER (RLIN)
-- 40548
-- 40548
110 ## - MAIN ENTRY--CORPORATE NAME
Corporate name or jurisdiction name as entry element Sheehan, Sean; Shahrezad Samiuddin
245 ## - TITLE STATEMENT
Title Pakistan; castle with a thousand doors, 2 ed
Remainder of title cultures of the world
Statement of responsibility, etc. Sean Sheehan
250 ## - EDITION STATEMENT
Edition statement 2
260 ## - PUBLICATION, DISTRIBUTION, ETC.
Place of publication, distribution, etc. singapore
Name of publisher, distributor, etc. times book
Date of publication, distribution, etc. 2004
300 ## - PHYSICAL DESCRIPTION
Extent 144 p.
942 ## - ADDED ENTRY ELEMENTS (KOHA)
Institution code [OBSOLETE] CAE NUST
Call number prefix 954.91 SHE
Holdings
Withdrawn status Lost status Damaged status Not for loan Collection code Permanent Location Current Location Date acquired Total Checkouts Full call number Barcode Date last seen Price effective from Koha item type
          College of Aeronautical Engineering (CAE) College of Aeronautical Engineering (CAE) 04/03/2017   954.91 SHE CAE85307 04/05/2017 04/05/2017 Book
© 2023 Central Library, National University of Sciences and Technology. All Rights Reserved.